MARC

LEADER 00000nam0a2200000 4500
001 310388
005 20231102002301.0
020 |a RU  |b 82-11048 
035 |a (RuTPU)RU\TPU\book\335737 
090 |a 310388 
100 |a 20151125d1982 k y0rusy5003 ca 
101 1 |a rus  |c eng 
102 |a RU 
105 |a a z 001zy 
200 1 |a Достижения в области композиционных материалов  |e сборник научных трудов  |f под ред. Дж. Пиатти  |g перевод с англ. М. Ю. Матвеева и др. 
210 |a Москва  |c Металлургия  |d 1982 
215 |a 304 с.  |c ил. 
320 |a Библиогр.: с. 292-304 
606 1 |a Композиционные материалы (материаловедение)  |2 stltpush  |3 (RuTPU)RU\TPU\subj\71565  |9 85422 
610 1 |a получение 
610 1 |a эксплуатационные свойства 
610 1 |a металлические матрицы 
610 1 |a изготовление 
610 1 |a поверхности раздела 
610 1 |a применение 
610 1 |a использование 
610 1 |a судостроение 
610 1 |a вертолетостроение 
610 1 |a физические свойства 
610 1 |a армирующие элементы 
675 |a 620.22-419.8  |z rus  |v 3 
702 1 |a Пиатти  |b Дж.  |4 340 
702 1 |a Лизунов  |b В. И.  |g Владимир Иванович  |4 340 
712 0 2 |a Сагаморская конференция по исследованию материалов для военной техники  |4 570 
801 0 |a RU  |b RuMRKP  |c 19950704  |g psbo 
801 1 |a RU  |b 63413507  |c 20151125 
801 2 |a RU  |b 63413507  |c 20230216  |g RCR 
942 |c BK